Kaleidoskop skladieb pre gitaru

Podrobná bibliografia
Hlavný autor: Martinček, Dušan, 1936-2006 (Skladateľ)
Médium: Hudobnina Kniha
Jazyk:slovenčina
Fyzický popis:1 partitúra (55 s.) 30 cm
Vydavateľské údaje: Bratislava Hudobný fond 2015
Vydanie:1. vyd.
Predmet:

MARC

LEADER 00000ncm a2200000 a 4500
001 vtls010680599
003 SK-MaSNL
005 20260331205411.0
007 qu
008 160430s2015 xo mug g u slo
015 |a SNBH2018 
024 2 |a 9790685002123 (brož.) 
028 3 1 |a HF 1205  |b Hudobný fond 
040 |a SNK  |b slo  |c SNK  |e AACR2 
041 0 |a slo 
043 |a e-xo--- 
044 |a xo  |c SK 
048 |a tb01 
072 7 |a 787  |x Hudba pre strunové a sláčikové nástroje  |2 konspekt 
080 |a 785  |2 2011 
080 |a 787.61:785  |2 2011 
080 |a 78.083  |2 2011 
080 |a 787.61.083  |2 2011 
080 |a 78.083.7  |2 2011 
080 |a 787.61.083.7  |2 2011 
080 |a 78.083.4  |2 2011 
080 |a 787.61.083.4  |2 2011 
080 |a 78.089.6  |2 2011 
084 |a 1.1.6  |2 snlmc 
100 1 |a Martinček, Dušan,  |d 1936-2006  |4 cmp  |9 18058 
245 1 0 |a Kaleidoskop skladieb pre gitaru  |h hudobnina  |c Dušan Martinček 
250 |a 1. vyd. 
254 |a Partitúra 
260 |a Bratislava  |b Hudobný fond  |c 2015 
300 |a 1 partitúra (55 s.)  |c 30 cm 
366 |e 500 výt. 
500 |a gitara 
505 0 0 |t Etudy pre gitaru --  |t Renesančná čítanka --  |t Prélude --  |t Sérénade 
648 7 |a 20.-21. stor.  |2 SNK  |9 270701 
648 7 |a 20th-21st centuries  |2 SNKPHeng  |9 285312 
650 0 7 |a inštrumentálna hudba  |2 SNKPH  |9 3421 
650 0 7 |a drobné skladby  |2 SNKPH  |9 85868 
650 0 7 |a etudy  |2 SNKPH  |9 73787 
650 0 7 |a serenády  |2 SNKPH  |9 85310 
650 0 7 |a gitara  |2 SNKPH  |9 83752 
650 0 7 |a Instrumental music  |2 SNKPHeng  |9 317088 
650 0 7 |a Small music pieces  |2 SNKPHeng  |9 315657 
650 0 7 |a Etudes  |2 SNKPHeng  |9 489382 
650 0 7 |a Serenades  |2 SNKPHeng  |9 489383 
650 0 7 |a Guitar  |2 SNKPHeng  |9 345028 
655 7 |a partitúry pre sólový nástroj  |2 SNKPH  |9 70508 
655 7 |a Scores for solo instrument  |2 SNKPHeng  |9 285315 
918 |a 979-0-68500-212-3 
999 |c 758367  |d 760297 
952 |a SNK  |b SNK  |y PREZ  |7 0  |p 17A1158648  |o snkHSB 4573  |i snk2015/16362  |8 0  |0 0  |1 0  |4 0  |d 2015-05-21  |l 0  |r 2026-02-23 23:55:44  |w 2026-02-23 
952 |a SNK  |b SNK  |y VYP  |7 0  |p 17A1158650  |o snkHSB 4573 D1  |i snk2015/16363  |8 0  |0 0  |1 0  |4 0  |d 2015-05-21  |l 0  |r 2026-02-23 23:55:45  |w 2026-02-23